kotlc quiz - Statistics

General Stats
  • This quiz has been taken 20 times
  • The average score is 7 of 9
Answer Stats
Question Answer % Correct
Who is keefes bodyguard Ro
88%
Name Tammyboy’s ability Shade
88%
Best ship Sokeefe
88%
Sophie’s first kiss Dexter dizznee
82%
What is magnate leto’s code name Mr. Forkle
82%
Which eyes are better. Hint k 🩵
76%
Who is squall Julienne
65%
How many Kotlc books are there 12
59%
In what book does Keefe🥳🤪🩵 leave the LC Unlocked
35%
No matching quizzes found
Score Distribution
Percent of People with Each Score
Percentile by Number Answered
Your Score History
You have not taken this quiz